[Event "II C.to Europeo seniores"]
[Site "Saint Vincent - Chatillon ITA"]
[Date "2002.10.06"]
[Round "9"]
[White "Villing, Dieter"]
[Black "Litvinov, Vladimir"]
[Result "1-0"]
[WhiteElo "2159"]
[BlackElo "2390"]
[PlyCount "63"]
[EventDate "2002.09.28"]

1. e4 c5 2. f4 Nc6 3. Nf3 g6 4. Bb5 Nf6 5. Nc3 Nd4 6. e5 Nxb5 7. Nxb5 Nd5 8.
O-O Qb6 9. c4 Bg7 10. d3 O-O 11. f5 d6 12. cxd5 Qxb5 13. e6 fxe6 14. fxe6 b6
15. Bg5 Bb7 16. Bxe7 Rfe8 17. Bxd6 Bxd5 18. d4 Rad8 19. Bc7 Rc8 20. Be5 Rxe6
21. Bxg7 Kxg7 22. Rc1 c4 23. Qd2 Bxf3 24. Rxf3 Qd5 25. Rcf1 Rd6 26. Kh1 Re8 27.
h3 Re4 28. Qf2 Rd7 29. Rf8 Qxd4 30. Rg8+ Kh6 31. Qf8+ Kg5 32. Rf5+ 1-0

[Event "I Mitropa Cup femminile"]
[Site "Saint Vincent - Chatillon ITA"]
[Date "2002.09.28"]
[Round "1"]
[White "Ambrosi, Eleonora"]
[Black "Sautto, Alessandra"]
[Result "1-0"]
[WhiteElo "2067"]
[BlackElo "1677"]
[PlyCount "63"]
[EventDate "2002.09.28"]

1. e4 e6 2. d4 d5 3. Nc3 Bb4 4. Nge2 dxe4 5. a3 Be7 6. Nxe4 Nf6 7. Qd3 Nbd7 8.
N2g3 Nxe4 9. Nxe4 Nf6 10. Bf4 Nxe4 11. Qxe4 c6 12. c4 Bg5 13. Bxg5 Qxg5 14. f4
Qa5+ 15. b4 Qd8 16. Bd3 a5 17. O-O g6 18. f5 Qf6 19. fxg6 Qxg6 20. Qe5 Qg8 21.
bxa5 Qf8 22. Rf6 Rg8 23. Bxh7 Rg7 24. Bd3 Qg8 25. Ra2 Rg5 26. Qc7 Bd7 27. Raf2
Qg7 28. Be4 Rf5 29. R2xf5 exf5 30. Qe5+ Kf8 31. Bxf5 Bxf5 32. Rxf5 1-0

[Event "I Mitropa Cup femminile"]
[Site "Saint Vincent - Chatillon ITA"]
[Date "2002.09.28"]
[Round "1"]
[White "Chiapponi, Paola"]
[Black "Fittante, Giuliana"]
[Result "0-1"]
[WhiteElo "1575"]
[BlackElo "1794"]
[PlyCount "38"]
[EventDate "2002.09.28"]

1. d4 Nf6 2. Nf3 c5 3. e3 e6 4. Be2 Nc6 5. O-O Qc7 6. c4 Be7 7. Nc3 cxd4 8.
exd4 d5 9. cxd5 exd5 10. Re1 O-O 11. Bg5 Be6 12. Rc1 Rac8 13. Bf1 Rfe8 14. Ne5
Qb6 15. Nxc6 bxc6 16. Na4 Qb8 17. a3 Ng4 18. g3 Bxg5 19. h3 Bxc1 0-1

[Event "I Mitropa Cup femminile"]
[Site "Saint Vincent - Chatillon ITA"]
[Date "2002.09.29"]
[Round "2"]
[White "Mihevc, Narcisa"]
[Black "Chiapponi, Paola"]
[Result "1-0"]
[WhiteElo "2110"]
[BlackElo "1575"]
[PlyCount "67"]
[EventDate "2002.09.28"]

1. e4 d5 2. exd5 Nf6 3. d4 Nxd5 4. Nf3 Bf5 5. Bd2 e6 6. a3 Nd7 7. h3 h6 8. Be2
Be7 9. O-O c5 10. dxc5 Bxc5 11. b4 Be7 12. c4 N5f6 13. Nc3 O-O 14. Qb3 a6 15.
Rfd1 Qc7 16. Nd4 Bh7 17. c5 Rfe8 18. Rac1 e5 19. Nc2 Nf8 20. Bc4 Bg6 21. Ne3
Rad8 22. Ncd5 Nxd5 23. Nxd5 Qb8 24. Qg3 Nh7 25. Nxe7+ Rxe7 26. Qxg6 Nf8 27. Qg3
Kh8 28. Bc3 Rde8 29. Rd6 f6 30. Rcd1 Ne6 31. Bxe6 Rxe6 32. Rxe6 Rxe6 33. Rd7 g5
34. Qd3 1-0

[Event "I Mitropa Cup femminile"]
[Site "Saint Vincent - Chatillon ITA"]
[Date "2002.09.29"]
[Round "2"]
[White "Sautto, Alessandra"]
[Black "Kaps, Darja"]
[Result "0-1"]
[WhiteElo "1677"]
[BlackElo "2229"]
[PlyCount "110"]
[EventDate "2002.09.28"]

1. d4 Nf6 2. e3 g6 3. Nf3 Bg7 4. Bd3 d6 5. Nbd2 O-O 6. O-O Nc6 7. c3 e5 8. dxe5
dxe5 9. Bc2 Qe7 10. e4 Nh5 11. Nb3 Bg4 12. h3 Rad8 13. Qe2 Bc8 14. Be3 Nf4 15.
Bxf4 exf4 16. Rad1 h5 17. Nbd4 Nxd4 18. Nxd4 Bxd4 19. cxd4 Qb4 20. b3 Rxd4 21.
Rxd4 Qxd4 22. Rd1 Qc3 23. Qd2 Qxd2 24. Rxd2 f3 25. Bd1 fxg2 26. Kxg2 Kg7 27. f4
Re8 28. Bf3 c5 29. Kg3 b6 30. e5 Be6 31. Rd6 Rb8 32. Bd5 h4+ 33. Kg2 Bf5 34.
Rf6 Rf8 35. a4 Be6 36. Bxe6 fxe6 37. Rxe6 Rxf4 38. Re8 g5 39. e6 Kf6 40. Ra8
Kxe6 41. Rxa7 Rb4 42. a5 bxa5 43. Rxa5 Kd5 44. Ra3 Kd4 45. Kh2 Rb5 46. Ra4+ Kc3
47. Rg4 Rxb3 48. Rxg5 Rb2+ 49. Kg1 c4 50. Rh5 Kd3 51. Rd5+ Ke4 52. Rc5 Kd4 53.
Rc8 c3 54. Rd8+ Ke3 55. Re8+ Kf3 0-1

[Event "I Mitropa Cup femminile"]
[Site "Saint Vincent - Chatillon ITA"]
[Date "2002.09.30"]
[Round "3"]
[White "Chiapponi, Paola"]
[Black "Umpfenbach, Carolin"]
[Result "0-1"]
[WhiteElo "1575"]
[BlackElo "2072"]
[PlyCount "78"]
[EventDate "2002.09.28"]

1. d4 e6 2. Nf3 f5 3. e3 Nf6 4. c4 Bb4+ 5. Bd2 Be7 6. Be2 O-O 7. O-O b6 8. Nc3
Bb7 9. Rc1 Ne4 10. a3 d6 11. b4 Nd7 12. Qb3 c5 13. bxc5 dxc5 14. Rfd1 Bf6 15.
Be1 Qe7 16. Na4 Rab8 17. Qb5 Kh8 18. dxc5 Ndxc5 19. Nxc5 Nxc5 20. Nd4 Qc7 21.
Nxe6 Nxe6 22. Rd7 Qc6 23. Qxc6 Bxc6 24. Rxa7 Ra8 25. Rxa8 Rxa8 26. Bb4 Nc5 27.
Rd1 Rd8 28. f3 Rxd1+ 29. Bxd1 Kg8 30. Bxc5 bxc5 31. Kf1 Kf7 32. Ke2 Ke6 33. Kd3
g5 34. h3 h5 35. g4 fxg4 36. fxg4 h4 37. e4 Ke5 38. Ke3 Bxe4 39. a4 Bd8 0-1

[Event "I Mitropa Cup femminile"]
[Site "Saint Vincent - Chatillon ITA"]
[Date "2002.09.30"]
[Round "3"]
[White "Helm, Leonie"]
[Black "Sautto, Alessandra"]
[Result "1-0"]
[WhiteElo "2242"]
[BlackElo "1677"]
[PlyCount "69"]
[EventDate "2002.09.28"]

1. e4 e6 2. d4 d5 3. Nc3 Bb4 4. e5 c5 5. a3 Bxc3+ 6. bxc3 Ne7 7. Qg4 O-O 8. Bd3
f5 9. exf6 Rxf6 10. Bg5 Rf7 11. Qh5 g6 12. Qd1 Nbc6 13. Nf3 c4 14. Be2 Qf8 15.
Qc1 Nf5 16. h4 h6 17. Be3 Nxe3 18. Qxe3 Rf4 19. Nd2 Bd7 20. g3 Rf7 21. f4 h5
22. Nf3 Rf6 23. Ng5 Ne7 24. Kd2 b5 25. g4 hxg4 26. Bxg4 Nf5 27. Qe5 Ng7 28.
Raf1 Re8 29. h5 gxh5 30. Bxh5 Nxh5 31. Rxh5 Rh6 32. Rfh1 Rxh5 33. Rxh5 Qg7 34.
Qxg7+ Kxg7 35. Rh7+ 1-0

[Event "I Mitropa Cup femminile"]
[Site "Saint Vincent - Chatillon ITA"]
[Date "2002.10.01"]
[Round "4"]
[White "Macek, Vlasta"]
[Black "Chiapponi, Paola"]
[Result "1-0"]
[WhiteElo "2222"]
[BlackElo "1575"]
[PlyCount "119"]
[EventDate "2002.09.28"]

1. d4 Nf6 2. Nf3 e6 3. g3 b6 4. Bg2 Bb7 5. O-O d5 6. c4 Be7 7. Qc2 O-O 8. Rd1
Nbd7 9. cxd5 exd5 10. Nc3 Re8 11. Bf4 a6 12. Ne5 Bd6 13. Nd3 Nf8 14. e3 Ng6 15.
Bg5 Be7 16. Rac1 Rc8 17. Qb3 Ne4 18. Bxe7 Rxe7 19. Nb4 c6 20. Nd3 Rb8 21. Nxe4
dxe4 22. Nb4 Qe8 23. Qa4 b5 24. Qa5 f5 25. Rc5 Rf7 26. Rdc1 Rf6 27. Qc7 Ne7 28.
Re5 Rf7 29. a3 Qd8 30. Qxd8+ Rxd8 31. Rec5 Rf6 32. Bf1 a5 33. Na2 Nd5 34. a4
bxa4 35. Rxa5 Ra8 36. Rxa8+ Bxa8 37. Rc4 Nb6 38. Rb4 Nd5 39. Rxa4 Rf8 40. Bc4
Kh8 41. Bxd5 cxd5 42. Ra5 g6 43. Nc3 Rd8 44. b4 Bb7 45. Na4 Ra8 46. Rxa8+ Bxa8
47. b5 Kg7 48. b6 Kf6 49. Nc5 Ke7 50. b7 Bxb7 51. Nxb7 Kd7 52. Nc5+ Kd6 53. h4
h5 54. Kf1 Ke7 55. Ke2 Kf6 56. Na6 Ke7 57. Kd2 Kd6 58. Kc3 Kc6 59. Kb4 Kb6 60.
Nb8 1-0

[Event "I Mitropa Cup femminile"]
[Site "Saint Vincent - Chatillon ITA"]
[Date "2002.10.01"]
[Round "4"]
[White "Sautto, Alessandra"]
[Black "Medic, Mirjana"]
[Result "0-1"]
[WhiteElo "1677"]
[BlackElo "2279"]
[PlyCount "116"]
[EventDate "2002.09.28"]

1. d4 d5 2. e3 Nf6 3. Bd3 c5 4. c3 e6 5. Nf3 Nbd7 6. Nbd2 Bd6 7. O-O O-O 8. e4
cxd4 9. cxd4 dxe4 10. Nxe4 Nxe4 11. Bxe4 Nf6 12. Bd3 h6 13. a3 b6 14. Ne5 Bb7
15. Qe2 Rc8 16. f4 Re8 17. Qe3 Bf8 18. Bd2 Qd5 19. Rf3 Red8 20. Bc3 Ne4 21.
Bxe4 Qxe4 22. Qxe4 Bxe4 23. Re3 Bd5 24. Kf2 Bd6 25. g3 a5 26. Rd1 Rc7 27. Ke2
Ra8 28. Bd2 Rc2 29. Nd3 Rc4 30. Bc3 Rc7 31. Ra1 g5 32. fxg5 hxg5 33. Ne5 Kg7
34. h4 f6 35. Nd3 gxh4 36. gxh4 Rh8 37. Rg1+ Kf7 38. Rh3 Rh5 39. Ke3 Rc8 40.
Nf4 Rf5 41. Nxd5 exd5 42. Rg4 Rh5 43. Rh1 Bxa3 44. Bxa5 bxa5 45. bxa3 Rc3+ 46.
Kd2 Rxa3 47. Kc2 a4 48. Kb2 Re3 49. Ka2 Re4 50. Rxe4 dxe4 51. Ka3 Ke6 52. Kxa4
Kd5 53. Kb3 Kxd4 54. Kc2 f5 55. Kd2 f4 56. Ke2 Ke5 57. Kf2 Kf5 58. Ke2 Kg4 0-1

[Event "I Mitropa Cup femminile"]
[Site "Saint Vincent - Chatillon ITA"]
[Date "2002.10.02"]
[Round "5"]
[White "Chiapponi, Paola"]
[Black "Cedikova, Katerina"]
[Result "0-1"]
[WhiteElo "1575"]
[BlackElo "2198"]
[PlyCount "62"]
[EventDate "2002.09.28"]

1. d4 Nf6 2. Nf3 g6 3. Bf4 Bg7 4. c4 O-O 5. Nc3 d6 6. e3 Nbd7 7. Rc1 Nh5 8. Bg3
h6 9. Be2 e5 10. dxe5 dxe5 11. Bh4 g5 12. Nd2 gxh4 13. Bxh5 f5 14. Nb3 c6 15.
Rc2 Qe7 16. Rd2 Nf6 17. Be2 Be6 18. Na4 Ne4 19. c5 Nxd2 20. Qxd2 Rad8 21. Qb4
Qg5 22. Bc4 Bxc4 23. Qxc4+ Kh8 24. O-O f4 25. Qe4 f3 26. g3 hxg3 27. fxg3 Qh5
28. Qc2 e4 29. Nc3 Rd3 30. Nxe4 Rxe3 31. Nf2 Re2 0-1

[Event "I Mitropa Cup femminile"]
[Site "Saint Vincent - Chatillon ITA"]
[Date "2002.10.02"]
[Round "5"]
[White "Pallova, Martina"]
[Black "Sautto, Alessandra"]
[Result "1-0"]
[WhiteElo "2193"]
[BlackElo "1677"]
[PlyCount "69"]
[EventDate "2002.09.28"]

1. f4 d5 2. Nf3 Nf6 3. e3 e6 4. b3 Be7 5. Bb2 c5 6. Be2 Nbd7 7. O-O a6 8. Kh1
b5 9. Qe1 Bb7 10. Ne5 O-O 11. d3 Nxe5 12. fxe5 Nd7 13. Bg4 Qb6 14. Nd2 a5 15.
Qg3 a4 16. Bh5 a3 17. Bc1 Qa5 18. Nf3 Kh8 19. Bd2 Qd8 20. Rad1 f5 21. exf6 Nxf6
22. Qh3 Nxh5 23. Qxh5 Qe8 24. Qh3 Bf6 25. Be1 e5 26. Bh4 Bxh4 27. Qxh4 e4 28.
Ng5 Qg6 29. dxe4 dxe4 30. Kg1 Bc6 31. Rf4 Rxf4 32. Qxf4 Kg8 33. Rd6 Qe8 34. Qf5
h6 35. Qh7+ 1-0

[Event "I Mitropa Cup femminile"]
[Site "Saint Vincent - Chatillon ITA"]
[Date "2002.10.04"]
[Round "7"]
[White "Milliet, Sophie"]
[Black "Chiapponi, Paola"]
[Result "1-0"]
[WhiteElo "2173"]
[BlackElo "1575"]
[PlyCount "79"]
[EventDate "2002.09.28"]

1. e4 d5 2. exd5 Qxd5 3. Nc3 Qa5 4. d4 e5 5. Nf3 Nc6 6. d5 Bb4 7. dxc6 Bxc3+ 8.
bxc3 Qxc3+ 9. Bd2 Qxc6 10. Nxe5 Qe4+ 11. Qe2 Bf5 12. Qxe4 Bxe4 13. Bc4 Bg6 14.
Nxg6 hxg6 15. O-O O-O-O 16. Bc3 f6 17. Be6+ Kb8 18. Bxg8 Rdxg8 19. Rfe1 Rh7 20.
Re7 Rgh8 21. Rae1 b6 22. Re8+ Kb7 23. Rxh8 Rxh8 24. Re7 Rg8 25. h4 a5 26. Kf1
Kc6 27. Ke2 Kd6 28. Rf7 c5 29. a4 Kd5 30. Bd2 c4 31. Be3 Kc6 32. Ra7 Rb8 33.
Ra6 Rb7 34. Kd2 Rd7+ 35. Kc3 Rb7 36. Kxc4 Rb8 37. Ra7 Rg8 38. Re7 Kd6 39. Rb7
Rc8+ 40. Kd3 1-0

[Event "I Mitropa Cup femminile"]
[Site "Saint Vincent - Chatillon ITA"]
[Date "2002.10.04"]
[Round "7"]
[White "Sautto, Alessandra"]
[Black "Te-Llalemand, Rosa"]
[Result "1/2-1/2"]
[WhiteElo "1677"]
[BlackElo "2301"]
[PlyCount "95"]
[EventDate "2002.09.28"]

1. d4 Nf6 2. e3 d6 3. Bd3 g6 4. Nf3 Bg7 5. Nbd2 Nc6 6. c3 e5 7. dxe5 dxe5 8.
Bb5 Bd7 9. e4 Qe7 10. Qe2 O-O 11. O-O Nh5 12. Nb3 a6 13. Bd3 Nd8 14. Bg5 f6 15.
Bc4+ Kh8 16. Be3 Nf4 17. Bxf4 exf4 18. Nfd2 b5 19. Bd3 Nf7 20. f3 Ne5 21. Bc2
a5 22. Qf2 a4 23. Nc5 Bc6 24. Nd3 Nxd3 25. Bxd3 Rfd8 26. Bc2 Qe5 27. a3 Bf8 28.
Kh1 Bc5 29. Qe2 f5 30. Rfd1 Rd7 31. Bd3 Rad8 32. Bc2 g5 33. Nf1 g4 34. Rxd7
Rxd7 35. Re1 gxf3 36. Qxf3 Re7 37. Nd2 Be3 38. Nf1 fxe4 39. Qd1 Bc5 40. Qd8+
Re8 41. Qh4 Rg8 42. Bxe4 Bxe4 43. Rxe4 Rxg2 44. Qd8+ Kg7 45. Qd7+ Kf8 46. Qd8+
Kg7 47. Qd7+ Kf8 48. Qd8+ 1/2-1/2

[Event "I Mitropa Cup femminile"]
[Site "Saint Vincent - Chatillon ITA"]
[Date "2002.10.05"]
[Round "8"]
[White "Hund, Barbara"]
[Black "Sautto, Alessandra"]
[Result "1/2-1/2"]
[WhiteElo "2285"]
[BlackElo "1677"]
[PlyCount "131"]
[EventDate "2002.09.28"]

1. e4 e6 2. d4 d5 3. Nd2 Be7 4. f4 Nf6 5. e5 Nfd7 6. Bd3 c5 7. c3 Nc6 8. Ne2
cxd4 9. cxd4 a5 10. O-O O-O 11. Nf3 f5 12. exf6 Nxf6 13. Kh1 Qb6 14. Nc3 Qd8
15. Be3 Ng4 16. Bd2 Nh6 17. a3 Nf5 18. Bc1 Bf6 19. Bxf5 exf5 20. Qb3 Nxd4 21.
Qxd5+ Qxd5 22. Nxd5 Nxf3 23. Rxf3 Ra6 24. Nxf6+ Raxf6 25. Bd2 a4 26. Bc3 Re6
27. Rg3 g6 28. h4 Bd7 29. Rd1 Bc6 30. Be5 Rfe8 31. Kh2 h5 32. Rgd3 Kf7 33. Kg3
R6e7 34. Kf2 Re6 35. g3 R6e7 36. Ke3 Re6 37. Rd4 R6e7 38. R1d2 Re6 39. Kd3 Bb5+
40. Kc3 Bc6 41. Kc4 R6e7 42. Kb4 Re6 43. Rc2 Ra8 44. Rc3 Re7 45. Rd6 Re6 46.
Rxe6 Kxe6 47. Rd3 Bd5 48. Rd4 Ra6 49. Kc5 Ra5+ 50. Kb6 Ra6+ 51. Kc7 Ra5 52. Kb6
Ra6+ 53. Kc5 Ra5+ 54. Kb4 Ra6 55. Bc7 Rc6 56. Be5 Ra6 57. Bb8 Ra8 58. Bc7 Rc8
59. Be5 Ra8 60. Kc3 Ra6 61. Kd2 b5 62. Kc3 Rc6+ 63. Kb4 Rc4+ 64. Kxb5 Rxd4 65.
Bxd4 Bb3 66. Kc5 1/2-1/2

[Event "I Mitropa Cup femminile"]
[Site "Saint Vincent - Chatillon ITA"]
[Date "2002.10.06"]
[Round "9"]
[White "Sautto, Alessandra"]
[Black "Marchadour, Claire"]
[Result "1-0"]
[WhiteElo "1677"]
[BlackElo "2081"]
[PlyCount "81"]
[EventDate "2002.09.28"]

1. d4 Nf6 2. e3 b6 3. Nf3 Bb7 4. Bd3 e6 5. Nbd2 Be7 6. e4 d6 7. c3 c5 8. O-O
O-O 9. Re1 Nc6 10. Qe2 cxd4 11. Nxd4 Rc8 12. Nxc6 Bxc6 13. Nf3 Bb7 14. Bg5 h6
15. Bh4 Nh5 16. Bxe7 Qxe7 17. Qe3 Rfd8 18. Nd4 Nf6 19. f4 Nd7 20. Bc2 Nb8 21.
Rad1 d5 22. e5 Nc6 23. Qd3 g6 24. Qh3 Nxd4 25. Rxd4 Kg7 26. g4 Rc4 27. f5 exf5
28. gxf5 Kh7 29. Kh1 Rxd4 30. fxg6+ fxg6 31. cxd4 Bc8 32. Qg2 Rg8 33. Rf1 Rg7
34. Rf6 Bf5 35. Bxf5 gxf5 36. Qh3 Kg8 37. Qxf5 Qb4 38. Qe6+ Kh8 39. Rxh6+ Rh7
40. Qf6+ Kg8 41. Rg6+ 1-0

[Event "I Mitropa Cup femminile"]
[Site "Saint Vincent - Chatillon ITA"]
[Date "2002.10.06"]
[Round "9"]
[White "Verot, Melanie"]
[Black "Chiapponi, Paola"]
[Result "1-0"]
[WhiteElo "2077"]
[BlackElo "1575"]
[PlyCount "67"]
[EventDate "2002.09.28"]

1. d4 d5 2. c4 e6 3. Nc3 Nf6 4. cxd5 exd5 5. Bg5 c6 6. e3 Bf5 7. Bd3 Bxd3 8.
Qxd3 Nbd7 9. Nge2 Bd6 10. e4 dxe4 11. Nxe4 Be7 12. O-O O-O 13. Nxf6+ Bxf6 14.
Bf4 Re8 15. Rfe1 Nc5 16. Qc4 Ne6 17. Be3 Re7 18. Rad1 Rd7 19. Rd2 Qa5 20. Red1
Rad8 21. b4 Qd5 22. Qd3 c5 23. Nc3 Qh5 24. bxc5 Nxc5 25. Qb5 g6 26. Qxc5 Qxc5
27. dxc5 Rxd2 28. Rxd2 Rc8 29. Ne4 Be7 30. Rd7 Rd8 31. Rxd8+ Bxd8 32. Nd6 b6
33. c6 a6 34. Ne8 1-0

[Event "XXXV Olimpiadi (San Marino)"]
[Site "Bled SLO"]
[Date "2002.10.27"]
[Round "2.2"]
[White "Sousa, Armindo"]
[Black "Grassi, Enrico"]
[Result "1-0"]
[WhiteElo "2214"]
[BlackElo "2117"]
[Annotator "SMR-ANG"]
[PlyCount "57"]
[EventDate "2002.10.26"]

1. c4 Nf6 2. Nc3 g6 3. e4 d6 4. d4 Bg7 5. Be2 O-O 6. Nf3 e5 7. O-O exd4 8. Nxd4
Re8 9. f3 c6 10. Kh1 a6 11. Bg5 h6 12. Bh4 b5 13. Nc2 Ra7 14. f4 Rd7 15. cxb5
axb5 16. Bf3 Qc7 17. Rc1 Ba6 18. Nb4 Qa5 19. Qb3 Bb7 20. e5 dxe5 21. fxe5 Nh7
22. Ne4 Bxe5 23. Nc5 Rd4 24. Be1 Qc7 25. Nxb7 Bxh2 26. Nxc6 Nxc6 27. Rxc6 Qf4
28. Rxg6+ Kh8 29. Rg4 1-0

[Event "XXXV Olimpiadi (San Marino)"]
[Site "Bled SLO"]
[Date "2002.10.27"]
[Round "2.3"]
[White "Volpinari, Danilo"]
[Black "Aderito, Pedro"]
[Result "0-1"]
[WhiteElo "2048"]
[BlackElo "2262"]
[Annotator "SMR-ANG"]
[PlyCount "91"]
[EventDate "2002.10.26"]

1. e4 e6 2. d4 d5 3. Nc3 Nf6 4. e5 Nfd7 5. f4 c5 6. Nf3 Nc6 7. Be3 g6 8. Be2 a6
9. a4 b6 10. O-O Bh6 11. Qd2 Bb7 12. Ng5 cxd4 13. Bxd4 Nxd4 14. Qxd4 Bxg5 15.
fxg5 Qxg5 16. Rae1 Qxe5 17. Qf2 Qg7 18. Bf3 O-O 19. Rd1 Rac8 20. Rfe1 Rfd8 21.
Qh4 Qf6 22. Qg3 Bc6 23. h4 Nc5 24. h5 g5 25. h6 Qxh6 26. b4 Nd7 27. b5 axb5 28.
axb5 Ba8 29. Ne2 Qf6 30. Nd4 Qf4 31. Qh3 Qh4 32. Qxh4 gxh4 33. Ra1 Rc4 34. Red1
Ne5 35. Be2 Rcc8 36. Kf2 Ng6 37. Ra6 e5 38. Nf5 Rxc2 39. Ne3 Rb2 40. Kf1 Nf4
41. Bf3 Rxb5 42. Nc4 e4 43. Bxe4 Rb4 44. Nxb6 Bb7 45. Nxd5 Nxd5 46. Ra3 0-1

[Event "XXXV Olimpiadi (San Marino)"]
[Site "Bled SLO"]
[Date "2002.10.28"]
[Round "3.3"]
[White "Ibrahim, Ismail"]
[Black "Volpinari, Danilo"]
[Result "1-0"]
[WhiteElo "2067"]
[BlackElo "2048"]
[Annotator "SMR-AFG"]
[PlyCount "49"]
[EventDate "2002.10.26"]

1. e4 e5 2. Nf3 Nc6 3. Bb5 Nf6 4. O-O Bc5 5. c3 Rf8 6. d4 Bb6 7. Bg5 h6 8. Bh4
g5 9. Bg3 Nxe4 10. Bxe5 d6 11. Bg3 Bg4 12. Qd3 Bf5 13. Qd1 a6 14. Be2 Qd7 15.
Nbd2 Nxg3 16. hxg3 Ba7 17. Nc4 Be4 18. Ne3 Bf5 19. Nd2 Bg6 20. Bg4 f5 21. Bh5
Bf7 22. Qf3 Bxh5 23. g4 Ne7 24. gxf5 Rf6 25. Qd1 1-0

[Event "XXXV Olimpiadi (San Marino)"]
[Site "Bled SLO"]
[Date "2002.11.01"]
[Round "7.1"]
[White "Grassi, Enrico"]
[Black "Faulks, Nick"]
[Result "1/2-1/2"]
[WhiteElo "2117"]
[BlackElo "2041"]
[Annotator "SMR-BER"]
[PlyCount "76"]
[EventDate "2002.10.26"]

1. e4 c5 2. Nf3 d6 3. d4 cxd4 4. Nxd4 Nf6 5. Nc3 a6 6. Bc4 e6 7. Be3 b5 8. Bb3
Bb7 9. f3 Nbd7 10. Bxe6 fxe6 11. Nxe6 Qb8 12. Qd2 Kf7 13. Nxf8 Rxf8 14. O-O-O
Ke7 15. Rhe1 Ne5 16. b3 Qc7 17. f4 Rfd8 18. fxe5 dxe5 19. Nd5+ Bxd5 20. exd5
Rxd5 21. Qb4+ Qd6 22. Rxd5 Qxb4 23. Bc5+ Kf7 24. Bxb4 Nxd5 25. Bd6 Rc8 26. Rxe5
Nf6 27. Re7+ Kg6 28. Ra7 Rc6 29. Bf8 Kf5 30. Bxg7 Nd5 31. Kb2 Ne3 32. c3 Rg6
33. Bd4 Rxg2+ 34. Kb1 Rg1+ 35. Kb2 Rg2+ 36. Kb1 Rg1+ 37. Kb2 Rg2+ 38. Kc1 Rg1+
1/2-1/2

[Event "XXXV Olimpiadi (San Marino)"]
[Site "Bled SLO"]
[Date "2002.11.05"]
[Round "10.1"]
[White "Silveirinha, Jose' Antonio C."]
[Black "Righi, Ezio"]
[Result "1-0"]
[WhiteElo "2150"]
[BlackElo "2130"]
[Annotator "SMR-MAC"]
[PlyCount "55"]
[EventDate "2002.10.26"]

1. e4 c5 2. Nf3 e6 3. d4 cxd4 4. Nxd4 Nc6 5. Be2 Nf6 6. Nxc6 bxc6 7. Nd2 Qc7 8.
O-O d5 9. Bf3 Be7 10. Re1 e5 11. exd5 cxd5 12. c4 Bb7 13. cxd5 O-O 14. d6 Bxf3
15. dxc7 Bxd1 16. Rxd1 Bd6 17. Nc4 Bxc7 18. Bg5 Rfd8 19. Bxf6 gxf6 20. Kf1 Kf8
21. Ke2 Ke7 22. Rxd8 Rxd8 23. Rd1 Rg8 24. Ne3 Ke6 25. Rc1 Bb6 26. Rc6+ Ke7 27.
Nd5+ Kd7 28. Rxb6 1-0

[Event "XXXV Olimpiadi (San Marino)"]
[Site "Bled SLO"]
[Date "2002.11.05"]
[Round "10.2"]
[White "Grassi, Enrico"]
[Black "Fesalbon, Rolando"]
[Result "1/2-1/2"]
[WhiteElo "2117"]
[BlackElo "2200"]
[Annotator "SMR-MAC"]
[PlyCount "39"]
[EventDate "2002.10.26"]

1. e4 e6 2. d4 d5 3. exd5 exd5 4. Nf3 Nf6 5. c4 Bb4+ 6. Bd2 Bxd2+ 7. Qxd2 O-O
8. cxd5 Nxd5 9. Be2 Nd7 10. Nc3 N7f6 11. O-O c6 12. Rad1 Bf5 13. a3 Ne4 14.
Nxe4 Bxe4 15. Ne5 f6 16. Nd3 b6 17. b4 Rc8 18. Rfe1 Bf5 19. Bf3 Kh8 20. Nf4
1/2-1/2

[Event "XXXV Olimpiadi (San Marino)"]
[Site "Bled SLO"]
[Date "2002.11.05"]
[Round "10.3"]
[White "Feio, Amilcar Batista"]
[Black "Volpinari, Danilo"]
[Result "1/2-1/2"]
[WhiteElo "2191"]
[BlackElo "2048"]
[Annotator "SMR-MAC"]
[PlyCount "27"]
[EventDate "2002.10.26"]

1. c4 c5 2. Nc3 Nf6 3. g3 d5 4. cxd5 Nxd5 5. Bg2 Nb6 6. d3 g6 7. Nf3 Bg7 8. O-O
O-O 9. Bf4 Nc6 10. Qc1 Re8 11. Ne4 Nd7 12. Nfg5 Nd4 13. Re1 Rf8 14. Nxc5
1/2-1/2

[Event "XXXV Olimpiadi (San Marino)"]
[Site "Bled SLO"]
[Date "2002.11.07"]
[Round "12.1"]
[White "Righi, Ezio"]
[Black "Chong, Chor Yuen"]
[Result "1/2-1/2"]
[WhiteElo "2130"]
[BlackElo "2156"]
[Annotator "SMR-HKG"]
[PlyCount "105"]
[EventDate "2002.10.26"]

1. e4 e5 2. Nf3 Nf6 3. Nc3 Bb4 4. Nxe5 O-O 5. Be2 Re8 6. Nd3 Bxc3 7. dxc3 Nxe4
8. c4 d6 9. O-O Nd7 10. f3 Nec5 11. b3 a5 12. Bb2 Nxd3 13. Bxd3 Nc5 14. Re1 Be6
15. Qd2 Nxd3 16. Qxd3 b6 17. Re2 Qd7 18. Rae1 f6 19. h3 Bf7 20. Rxe8+ Rxe8 21.
Rxe8+ Qxe8 22. Kf2 Bg6 23. Qd2 Qe6 24. Bd4 Qf5 25. c3 Qd3 26. Be3 Qxd2+ 27.
Bxd2 Bb1 28. a3 Ba2 29. b4 Bxc4 30. g3 Kf7 31. Ke3 Bf1 32. h4 h5 33. Kd4 axb4
34. axb4 Ke6 35. Be1 g5 36. Bd2 c5+ 37. bxc5 dxc5+ 38. Ke4 f5+ 39. Ke3 gxh4 40.
gxh4 Ke5 41. Kf2 Bc4 42. Bh6 b5 43. Bf8 Kd5 44. Ke3 Bb3 45. Kd3 Ba2 46. f4 Bb1+
47. Kd2 Kc4 48. Bg7 b4 49. cxb4 cxb4 50. Kc1 Bd3 51. Kb2 b3 52. Bf6 Bc2 53. Bg5
1/2-1/2

[Event "XXXV Olimpiadi (San Marino)"]
[Site "Bled SLO"]
[Date "2002.11.07"]
[Round "12.3"]
[White "Volpinari, Danilo"]
[Black "Kiernan, Mark"]
[Result "1/2-1/2"]
[WhiteElo "2048"]
[BlackElo "2103"]
[Annotator "SMR-HKG"]
[PlyCount "45"]
[EventDate "2002.10.26"]

1. e4 c6 2. c4 d5 3. exd5 cxd5 4. cxd5 Nf6 5. Nc3 Nxd5 6. Nf3 e6 7. Bc4 Nc6 8.
O-O Nb6 9. Bb5 Bd7 10. d4 a6 11. Bd3 Be7 12. Re1 Nb4 13. Bb1 Bc6 14. a3 N4d5
15. Ne5 Nd7 16. Nxc6 bxc6 17. Ne4 c5 18. dxc5 Nxc5 19. Qd4 Nxe4 20. Bxe4 O-O
21. Bxd5 Bf6 22. Qd3 Qxd5 23. Qxd5 1/2-1/2

[Event "XXXV Olimpiadi (San Marino)"]
[Site "Bled SLO"]
[Date "2002.11.08"]
[Round "13.1"]
[White "Rowe, Peter"]
[Black "Righi, Ezio"]
[Result "0-1"]
[WhiteElo "2085"]
[BlackElo "2130"]
[Annotator "SMR-GCI"]
[PlyCount "122"]
[EventDate "2002.10.26"]

1. d4 c5 2. e3 e6 3. Nf3 Nf6 4. Bd3 Be7 5. O-O O-O 6. Nbd2 d5 7. b3 Nc6 8. Bb2
Bd7 9. Ne5 cxd4 10. exd4 Nb4 11. Be2 Rc8 12. c3 Nc6 13. Bd3 Bd6 14. f4 Ne8 15.
Qe2 Qe7 16. Rae1 Nxe5 17. fxe5 Ba3 18. Ba1 f5 19. b4 a5 20. bxa5 Qd8 21. Rb1
Qxa5 22. Rxb7 Bc6 23. Rb3 Be7 24. Nf3 Ba4 25. Rb7 Rc7 26. Rfb1 Bc6 27. Rxc7
Nxc7 28. c4 dxc4 29. Bxc4 Nd5 30. Qd2 Qa7 31. Bc3 Kf7 32. Kf2 h6 33. h4 Rd8 34.
Qb2 Nxc3 35. Qxc3 Bxf3 36. gxf3 Qxd4+ 37. Qxd4 Rxd4 38. Rc1 Bxh4+ 39. Kg2 Rd2+
40. Kh3 Bg5 41. Bb3 Bf4 42. Rc2 Rxc2 43. Bxc2 Bxe5 44. a4 Bc7 45. Kh4 g6 46.
Bb3 Kf6 47. Kh3 g5 48. Bc4 e5 49. Bd5 h5 50. Kg2 g4 51. Kf2 Kg5 52. Kg2 Kf4 53.
Bc6 h4 54. fxg4 Kxg4 55. Bf3+ Kf4 56. Bc6 e4 57. Kh3 e3 58. Bb5 Kf3 59. Kxh4 e2
60. Bxe2+ Kxe2 61. a5 f4 0-1

[Event "XXXV Olimpiadi (ICSC)"]
[Site "Bled SLO"]
[Date "2002.10.30"]
[Round "5.3"]
[White "Collutiis, Duilio"]
[Black "Alvarado, Nelson"]
[Result "1-0"]
[WhiteElo "2332"]
[BlackElo "2313"]
[Annotator "ICSC-DOM"]
[PlyCount "51"]
[EventDate "2002.10.26"]

1. e4 c5 2. Nf3 Nc6 3. d4 cxd4 4. Nxd4 Nf6 5. Nc3 e5 6. Ndb5 d6 7. Nd5 Nxd5 8.
exd5 Nb8 9. c4 Nd7 10. Be2 Be7 11. O-O O-O 12. a3 f5 13. b4 a6 14. Nc3 e4 15.
Qb3 Kh8 16. Rd1 Bf6 17. Bf4 Qe7 18. c5 Be5 19. Bxe5 Nxe5 20. Rac1 Bd7 21. Bf1
Rf6 22. c6 Rh6 23. cxd7 Qh4 24. h3 Nf3+ 25. gxf3 Qg5+ 26. Kh1 1-0